skbl

Dr Suryya Kumar Bhuyan Library Web-OPAC
ডঃ সূৰ্য্য
কুমাৰ ভূঞা পুথিভঁৰাল ৱেব-অ'পেক

All Research Scholars are advised to clear the annual library fees to continue using Library Resources, Remote Access, Plagiarism Test and Library Clearance.

Cotton University Book Fair 2026

Fundamentals of Geographical Thought / (Record no. 8123)

MARC details
000 -LEADER
fixed length control field 00808nam a2200301Ia 4500
001 - CONTROL NUMBER
control field 8136
005 - DATE AND TIME OF LATEST TRANSACTION
control field 20240113234052.0
007 - PHYSICAL DESCRIPTION FIXED FIELD--GENERAL INFORMATION
fixed length control field ta
008 - FIXED-LENGTH DATA ELEMENTS--GENERAL INFORMATION
fixed length control field 170602s2001 ii a g b000 u 465 u
020 ## - INTERNATIONAL STANDARD BOOK NUMBER
Terms of availability Rs. 90.00
040 ## - CATALOGING SOURCE
Original cataloging agency Cotton College,Assam
041 ## - LANGUAGE CODE
Language code of text/sound track or separate title eng
082 ## - DEWEY DECIMAL CLASSIFICATION NUMBER
Classification number 910.01
Item number Ad 41 Fu
100 ## - MAIN ENTRY--PERSONAL NAME
Personal name Adhikari, Sudeepta .
245 #0 - TITLE STATEMENT
Title Fundamentals of Geographical Thought /
Statement of responsibility, etc. Sudeepta Adhikari.
Medium Textual Documents
250 ## - EDITION STATEMENT
Edition statement 3rd ed. /
260 ## - PUBLICATION, DISTRIBUTION, ETC.
Place of publication, distribution, etc. Allahabad :
Name of publisher, distributor, etc. Chaitanya Publishing House ,
Date of publication, distribution, etc. 2001.
300 ## - PHYSICAL DESCRIPTION
Extent viii, 328p. :
Other physical details ill ;
Dimensions 23cm .
365 ## - TRADE PRICE
Price type code Rs. 90.00
504 ## - BIBLIOGRAPHY, ETC. NOTE
Bibliography, etc. note References
653 ## - INDEX TERM--UNCONTROLLED
Uncontrolled term Geography
653 ## - INDEX TERM--UNCONTROLLED
Uncontrolled term PG-Geography
653 ## - INDEX TERM--UNCONTROLLED
Uncontrolled term G-Geography
942 ## - ADDED ENTRY ELEMENTS (KOHA)
Source of classification or shelving scheme Dewey Decimal Classification
Koha item type Books
Holdings
Withdrawn status Lost status Damaged status Not for loan Home library Current library Date acquired Coded location qualifier Cost, normal purchase price Total checkouts Total renewals Full call number Barcode Date last seen Date last checked out Copy number Price effective from Koha item type
        Dr. Suryya Kumar Bhuyan Library Dr. Suryya Kumar Bhuyan Library 01/02/2012 00000 90.00 1 2 910.01 Ad 41 Fu 592/Geog 24/12/2025 28/08/2025 2 01/02/2012 Books
        Dr. Suryya Kumar Bhuyan Library Dr. Suryya Kumar Bhuyan Library 01/02/2012 00000 90.00     910.01 Ad 41 Fu 474/Geog 13/01/2024   1 01/02/2012 Books

Designed and Maintained by Team SKBL
©1901-2026

Powered by Koha